000 02023nam2a22003011 4500
001 rc\3936913
005 20250611031056.0
021 _aRU
_b[53-23415]
035 _a(NLR Aleph) 008036029
090 _a8851292
_c8851292
100 _a20130415d1948 |||y0rusy50 ca
101 0 _arus
102 _aRU
105 _aa z |||||
200 1 _aОгнестрельные ранения таза и мочеполовой системы
_fСост.: засл. деятель науки проф. А.В. Смирнов, д-р мед. наук Г.А. Гомзяков, проф. Б.А. Шмуклер
210 _a[Ленинград]
_cМедгиз. Ленингр. отд-ние
_d1948
_gТип. М 305
215 _a324 с.
_cил.
461 0 _1001rc\3936906
_12001#$aАтлас огнестрельных ранений$fПод ред. ген.-лейт. мед. службы действ. чл. Акад. мед. наук СССР П.А. Куприянова, полк. мед. службы проф. И.С. Колесникова$gГл. воен.-мед. упр. Вооруж. Сил СССР. 1-$v4. Кн. 2
_98851251
_c[Ленинград]
_d1948
_fПод ред. ген.-лейт. мед. службы действ. чл. Акад. мед. наук СССР П.А. Куприянова, полк. мед. службы проф. И.С. Колесникова
_nМедгиз. Ленингр. отд-ние
_tАтлас огнестрельных ранений
_v4. Кн. 2
606 _aТаз
_xРаны и травмы, огнестрельные
_jАтласы (т. 4, кн. 2)
_2psbo
606 _aМочеполовая система
_xРаны и травмы, огнестрельные
_jАтласы (т. 4, кн. 2)
_2psbo
702 1 _aГомзяков
_bГ.А.
_4220
702 1 _aШмуклер
_bБ.А.
_4220
702 1 _aСмирнов
_bА.В.
_gАлександр Васильевич
_4220
801 0 _aRU
_bNLR
_gpsbo
801 1 _aRU
_bELAR
_2rusmarc
852 _aNLR
_jМд40 Г-7/40
942 _cBOOK
980 _aNB